MARC details
| 000 -CABECERA |
| campo de control de longitud fija |
01073nam a2200277 a 4500 |
| 001 - NÚMERO DE CONTROL |
| campo de control |
000019458 |
| 005 - FECHA Y HORA DE LA ÚLTIMA TRANSACCIÓN |
| campo de control |
20200929170026.0 |
| 008 - DATOS DE LONGITUD FIJA--INFORMACIÓN GENERAL |
| campo de control de longitud fija |
100629s2006 es c 000 0 spa d |
| 020 ## - NÚMERO INTERNACIONAL ESTÁNDAR DEL LIBRO |
| Número Internacional Estándar del Libro |
8497647475 |
| 040 ## - FUENTE DE LA CATALOGACIÓN |
| Centro catalogador/agencia de origen |
DO-SdBNP |
| Lengua de catalogación |
spa |
| Centro/agencia transcriptor |
BNPHU |
| 082 ## - NÚMERO DE LA CLASIFICACIÓN DECIMAL DEWEY |
| Número de clasificación |
922.22 |
| Número de documento/Ítem |
J581C |
| 049 ## - FONDOS LOCALES (OCLC) |
| Fondos de biblioteca |
BNPD |
| 100 1# - ENTRADA PRINCIPAL--NOMBRE DE PERSONA |
| Nombre de persona |
Campos, Alberto C., |
| Fechas asociadas al nombre |
1964- |
| 9 (RLIN) |
41787 |
| 245 10 - MENCIÓN DE TÍTULO |
| Título |
Santa Teresa de Jesús / |
| Mención de responsabilidad, etc. |
Alberto C. Campos ; coordinador general Felipe Sen ; coordinador de colección Mar de Ventura Fernández. |
| 260 ## - PUBLICACIÓN, DISTRIBUCIÓN, ETC. |
| Lugar de publicación, distribución, etc. |
Madrid, España : |
| Nombre del editor, distribuidor, etc. |
Edimat, |
| Fecha de publicación, distribución, etc. |
2006. |
| 300 ## - DESCRIPCIÓN FÍSICA |
| Extensión |
1919 p. : |
| Otras características físicas |
retrs. ; |
| Dimensiones |
22 cm. |
| 490 1# - MENCIÓN DE SERIE |
| Mención de serie |
Mujeres en la historia |
| 500 ## - NOTA GENERAL |
| Nota general |
Incluye datos biográficos del autor en el chaleco. |
| 504 ## - NOTA DE BIBLIOGRAFÍA, ETC. |
| Nota de bibliografía, etc. |
Incluye bibliografías (p. 191) |
| 600 14 - PUNTO DE ACCESO ADICIONAL DE MATERIA--NOMBRE DE PERSONA |
| Nombre de persona |
JESUS, TERESA DE, SANTA, |
| Fechas asociadas al nombre |
1515-1582 |
| Subdivisión general |
BIOGRAFÍAS |
| 9 (RLIN) |
41788 |
| 650 #4 - PUNTO DE ACCESO ADICIONAL DE MATERIA--TÉRMINO DE MATERIA |
| Término de materia o nombre geográfico como elemento de entrada |
Literatura católica |
| Subdivisión general |
Crítica e interpretación |
| 9 (RLIN) |
41789 |
| 650 #4 - PUNTO DE ACCESO ADICIONAL DE MATERIA--TÉRMINO DE MATERIA |
| Término de materia o nombre geográfico como elemento de entrada |
Vida espiritual |
| Subdivisión general |
Autores católicos |
| 9 (RLIN) |
41790 |
| 700 1# - PUNTO DE ACCESO ADICIONAL--NOMBRE DE PERSONA |
| Nombre de persona |
Sen, Felipe, |
| Término indicativo de función/relación |
coord. |
| 9 (RLIN) |
41707 |
| 700 1# - PUNTO DE ACCESO ADICIONAL--NOMBRE DE PERSONA |
| Nombre de persona |
Ventura Fernández, Mar de, |
| Término indicativo de función/relación |
coord. |
| 9 (RLIN) |
41759 |
| 830 #0 - PUNTO DE ACCESO ADICIONAL DE SERIE-TÍTULO UNIFORME |
| Título uniforme |
Mujeres en la historia |
| 9 (RLIN) |
41760 |